| 000 | 00564cam a2200181 4500 | ||
|---|---|---|---|
| 001 | 25466 | ||
| 005 | 20230410143306.0 | ||
| 008 | 060907n2003 dr spa | ||
| 020 | _a2717847340 | ||
| 035 | _9funglode25659 | ||
| 041 | _aFR | ||
| 050 | 1 | 4 | _aRCH |
| 100 | _aCabestan, Jean-Pierre | ||
| 245 | 1 |
_aChine-Taiwan la guerre est-elle concevable? : _bla sécurité extérieure de Taiwan face á la menace de la Chine populaire / _cJean-Pierre Cabestan |
|
| 260 |
_aParis : _bInstitut de Stratégie Comparée, _c2003 |
||
| 300 | _a470 p. | ||
| 942 |
_2lcc _cbk |
||
| 999 |
_c98904 _d98904 |
||